000 00532nam a22001817a 4500
999 _c41755
_d41755
003 OSt
005 20221108111851.0
008 221108b ||||| |||| 00| 0 eng d
020 _a8172330987
040 _coclc
082 _a589.2
_bNAI/B
100 1 _99274
_aNair, M. C.
245 _aBeneficial Fungi and their utilization /
_cM C Nair,S Balakrishnan
250 _a2nd ed.
260 _aJodhpur:
_bScientific publishers,
_c1995.
300 _a172 pages
942 _2ddc
_cBK
_h589.2
_iNAI/B
_k589.2
_mNAI/B